000
00317nam a2200121Ia 4500
008
150202s9999 xx 000 0 und d
050
_a
FIC
_b
FIC
100
_a
Gardner, John.
245
_a
Flamingo /
_c
John Gardner.
260
_a
London :
_b
Coronet Books,
_c
1983.
300
_a
282 p. :
_c
18 cm.
650
_a
Fiction.
999
_c
282032
_d
282032